000 01159pam a2200349 a 4500
001 1068
003 BD-DhEWU
005 20190224143536.0
008 030128r20012000ii a g b 001 0 eng d
010 _a 99073717
020 _a0201612518
020 _a9780201612516
020 _a8178083841
035 _a(OCoLC)43992075
_a(BD-DhEWU)1068
040 _aDLC
_cDLC
_dDLC
_dBD-DhEWU
_beng
041 _aeng
050 0 0 _aQA76.76.O63
_bN89 2000
082 0 4 _a005.43
_bNUO 2000
_222
100 1 _aNutt, Gary J.
_93014
245 1 0 _aOperating systems :
_ba modern perspective /
_cGary J. Nutt.
250 _a2nd ed.
260 _aReading, MA ;
_aNew Delhi :
_bAddison-Wesley ;
_bPearson Education,
_c2000[Reprint 2001].
300 _axxvii, 611 p. :
_bill. ;
_c24 cm.
504 _aIncludes bibliographical references (p. 597-600) and index.
526 _aCSE
590 _aSagar Shahanawaz
650 0 _aOperating systems (Computers)
_93031
856 4 2 _3WorldCat details
_uhttp://www.worldcat.org/title/operating-systems-a-modern-perspective/oclc/43992075&referer=brief_results
942 _2ddc
_cTEXT
999 _c1068
_d1068
999 _c1068
_d1068
999 _c1068
_d1068